000 00498nam a2200181Ia 4500
005 20250423094243.0
008 250422s9999 xx 000 0 und d
020 _a0608887016987
050 _aHD 1387 .P38/
100 _aPatunola-Ajayi, Bolarinde
245 2 _aA guide to real estate valuation
260 _aLagos
260 _bClimax Communications Ltd.
260 _c2018
300 _a141 p
650 _aReal property--Valuation. Real property--Valuation--United States.
942 _cBK
999 _c26715
_d26715